US Cities with the Highest Brazilian Immigrant Population - Statistics

General Stats
  • This quiz has been taken 70 times
  • The average score is 9 of 10
Answer Stats
Population State Metro Area % Correct
54,000 Florida Miami
100%
57,000 Massachusetts Boston
98%
16,000 California Los Angeles
98%
53,000 New York New York City
97%
11,000 Georgia Atlanta
93%
20,000 Florida Orlando
93%
13,000 California San Francisco
91%
12,000 Federal District Washington D.C.
78%
12,000 Connecticut Bridgeport
59%
10,000 Massachusetts Worcester
45%
No matching quizzes found
Score Distribution
Percent of People with Each Score
Percentile by Number Answered
Your Score History
You have not taken this quiz